000 00339nam a22001457a 4500
008 211020b ||||| |||| 00| 0 eng d
020 _a9781285195698
041 _aeng
080 _26th
_a510
082 _a510
100 _a36
101 _aMAT
245 _aElementary Geometry for College Students
_cAlexander,D.C
942 _2udc
_cBK
999 _c58307
_d58307